00928cam a2200253 a 4500001000400000003001000004005001700014008004100031020001700072040002500089080001600114090001700130100003500147245016300182260003800345300002700383504002500410650003500435650003700470650002100507942001200528952012100540999001300661114BR-CuiBMT20231109204207.0230816s2022 mgba 000 0 por d a978655513252 aBR-CuiBMTcBR-CuiBMT 22007a342.4 a342.4bA447c1 aAlmeida Neto, Manoel Carlos de12aO colapso das constituições do Brasil :buma reflexão pela democracia /cManoel Carlos de Almeida Neto ; prefácios José Sarney, Ricardo Lewandowski. aBelo Horizonte :bFórum,c2022. a200 p. :bil. ;c22 cm aInclui bibliografia. aDireito constitucionalzBrasil aConstituição federalzBrasil aTeoria do estado 2udccLV 00102udc4070aBIBTCEMTbBIBTCEMTd2023-06-28l0o342.4 A447cpBIBTCEMT23080091r2023-08-16tEx. 1w2023-08-16yLV c114d114